| 000 | 04437aam a2200313 i 4500 | ||
|---|---|---|---|
| 001 | 768714001 | ||
| 003 | CO-MdFUSB | ||
| 005 | 20240304161935.0 | ||
| 007 | ta | ||
| 008 | 240304t1905 enk||||| |||| 00| 0 eng d | ||
| 040 | _cCO-MdFUSB | ||
| 041 | 0 | _aeng | |
| 082 | 0 | 4 |
_a232.1 _bE22i |
| 100 | 1 |
_aEdersheim, Alfred (1825–1889) _eautor |
|
| 245 | 1 | 4 |
_aThe life and times of Jesus the Messiah _c/ Alfred Edersheim |
| 250 | _a8 | ||
| 264 | 1 |
_bLongmans, Green and CO, _aNew York, USA : _c[1905] |
|
| 264 | 4 | _c©1905 | |
| 300 |
_a698 páginas _c ;24cm |
||
| 336 |
_atexto _btxt _2rdacontent |
||
| 337 |
_2rdamedia _asin mediación _bn |
||
| 338 |
_2rdacarrier _avolumen _bnc |
||
| 505 | 0 | 0 |
_tLibro I: La preparación para el evangelio: El mundo judío en los días de Cristo:
_aEl mundo judío en los días de Cristo: la dispersión judía en Oriente. -- La dispersión judía en Occidente - Los helenistas-Origen de la literatura helenistas en la traducción griega de la Biblia-Carácter de la Septuaginta. -- La vieja fe preparándose para el nuevo desarrollo de la teología helenista: los apócrifos, Aristeas, Aristóbulo y los escritos pseudoepigráficos. -- Filón de Alejandría, los rabinos y los evangelios: el desarrollo final del helenismo en su relación con el rabinismo y el evangelio según San Juan. -- Alejandría y Roma: las comunidades judías en las capitales de la civilización occidental. -- Vida política y religiosa de la dispersión judía en Occidente: su unión en la gran esperanza de la venida del Libertador. -- En Palestina, judíos y gentiles en la tierra: sus relaciones mutuas y los engaños de los prisioneros de guerra El muro de separación. -- Tradicionalismo, su origen, carácter y literatura La Mishná y el Talmud-El evangelio de Cristo-El amanecer de un nuevo día. _tLibro II: Del pesebre en Belén al bautismo en Jordania: _aEn Jerusalén cuando reinaba Herodes. -- La historia personal de Herodes: los dos mundos en Jerusalén. -- La Anunciación de San Juan Bautista. -- La anunciación de Jesús el Mesías y el nacimiento de su precursor. -- ¿Qué Mesías esperaban los judíos? -- La natividad de Jesús el Mesías. -- La Purificación de la virgen y la presentación en el templo. -- La visita y el homenaje de los magos y la huida a Egipto. -- La vida infantil en Nazaret. -- En la casa de su Padre Celestial y en el hogar de su padre terrenal- El Templo de Jerusalén - El Retiro en Nazaret. -- En el año decimoquinto de Tiberio Cresar y bajo el pontificado de Anás y Caifás Una voz en el desierto. -- El bautismo de Jesús: su significado superior _tLibro III: El ascenso: Del río Jordania hasta el monte de la transfiguración: _aLa Tentación de Jesús. -- La delegación de Jerusalén: las tres sectas de los fariseos, los saduceos y los esenios. Examen de sus doctrinas distintivas. -- El doble testimonio de Juan-El primer sábado del ministerio de Jesús-El primer domingo-Los primeros discípulos. -- Las Bodas-Fiesta en Caná de Galilea El milagro que es 'una señal'. -- La limpieza del templo la señal que no es una señal. -- El Maestro viene de Dios y el Maestro de Jerusalén-Jesús y Nicodemo. -- En Judea y a través de Samaria: un bosquejo de la historia y la teología samaritana: judíos y samaritanos. -- Jesús en el pozo de Sicar. -- Segunda visita a Cans-Cura del hijo del 'Noble' en Cafarnaúm. -- La Sinagoga de Nazaret-Sinagoga-Adoración y arreglos. -- El primer ministerio galileo. -- En la Fiesta desconocida en Jerusalén y junto al estanque de Betesda. -- Junto al mar de Galilea: el llamado final de los primeros discípulos y la bebida milagrosa de Fisies. -- Un sábado en Capernaúm. -- Segundo viaje por Galilea-La curación del leproso. -- El regreso a Capernaúm - Respecto al perdón de los pecados - La curación de los paralíticos. -- El llamado de Mateo-La bienvenida del Salvador a los pecadores-La teología rabínica en cuanto a la doctrina del perdón en contraste con el evangelio de Cristo. -- El Llamado de los Doce Apóstoles. -- El Sermón del Monte: El Reino de Cristo y la enseñanza rabínica. -- l regreso a Capernaum: la curación del sirviente del centurión. -- La resurrección del joven de Naín: el encuentro de la vida y la muerte. -- La mujer que era pecadora. |
| 563 | _aPasta dura | ||
| 650 | 7 |
_aCristología _9239 |
|
| 942 | _cP | ||
| 945 | _aJTF-925 | ||
| 999 |
_c34270 _d34270 |
||